| 000 | 00594nam a22001937a 4500 | ||
|---|---|---|---|
| 003 | OSt | ||
| 005 | 20180116183033.0 | ||
| 008 | 151222b xxu||||| |||| 00| 0 eng d | ||
| 020 | _a04-2353-2004-1 | ||
| 024 | _204-2353-2004-1 | ||
| 040 | _cLahore LUMS | ||
| 082 | _a 174.4 LUM 2004 | ||
| 100 | _aHassan M M, Erskine J | ||
| 245 |
_aSAHE: THE GIRLS’ SCHOOL DILEMMA _bSAHE: STRATEGIC ISSUES _cHassan M M, Erskine J |
||
| 260 |
_aLahore LUMS _b Lahore University of Management Sciences _c2004 |
||
| 300 |
_a09 p. _bPapers |
||
| 440 | _aSAHE: THE GIRLS’ SCHOOL DILEMMA | ||
| 942 |
_2ddc _cCS |
||
| 999 |
_c351082 _d351082 |
||